UM Logo

The university of Chicago school mathematics project transition mathematics: (Record no. 416)

MARC details
000 -LEADER
fixed length control field 00488nam a2200145 4500
008 - FIXED-LENGTH DATA ELEMENTS--GENERAL INFORMATION
fixed length control field 151203b xxu||||| |||| 00| 0 eng d
020 ## - INTERNATIONAL STANDARD BOOK NUMBER
International Standard Book Number 9780076185832
082 ## - DEWEY DECIMAL CLASSIFICATION NUMBER
Edition number c2008
Classification number D.C. 510
Item number T454
245 ## - TITLE STATEMENT
Title The university of Chicago school mathematics project transition mathematics:
Remainder of title teaching resouces/
260 ## - PUBLICATION, DISTRIBUTION, ETC. (IMPRINT)
Place of publication, distribution, etc. Chicago,IL:
Name of publisher, distributor, etc. Wright Group/McGraw-Hill,
Date of publication, distribution, etc. c2008.
300 ## - PHYSICAL DESCRIPTION
Extent iii, 286 pages:
Other physical details illustrations;
Dimensions 11 cm.
440 ## - SERIES STATEMENT/ADDED ENTRY--TITLE
Volume/sequential designation Volume 1
650 #0 - SUBJECT ADDED ENTRY--TOPICAL TERM
9 (RLIN) 1041
Topical term or geographic name as entry element Mathematics.
942 ## - ADDED ENTRY ELEMENTS (KOHA)
Source of classification or shelving scheme Dewey Decimal Classification
Koha item type Books

No items available.